000 00666cam a22002413a 4500
001 11723
003 PGUSA
005 20140828083240.0
008 040301s2004||||xxu|||||s|||||000 | eng d
040 _aPGUSA
_beng
042 _adc
050 4 _aPZ
050 4 _aQK
100 1 _aChurch, Ella Rodman,
_d1831-
245 1 0 _aAmong the Trees at Elmridge
_h[electronic resource] /
_cElla Rodman Church
260 _bProject Gutenberg,
_c2004
506 _aPublic domain in the USA.
516 _aElectronic text
653 _aTrees -- Juvenile literature
830 0 _aProject Gutenberg
_v11723
856 4 0 _uhttp://www.gutenberg.org/ebooks/11723
942 _cEB
999 _c240978
_d240978